|
|
|
|
| LEADER |
00000nam2a2200000 4500 |
| 001 |
332741 |
| 005 |
20231102004503.0 |
| 035 |
|
|
|a (RuTPU)RU\TPU\book\358701
|
| 035 |
|
|
|a RU\TPU\book\306780
|
| 090 |
|
|
|a 332741
|
| 100 |
|
|
|a 20170529d1981 km y0rusy50 ca
|
| 101 |
0 |
|
|a rus
|
| 102 |
|
|
|a RU
|
| 105 |
|
|
|a a z 001zy
|
| 200 |
0 |
|
|a Вып. 16
|
| 210 |
|
|
|d 1981
|
| 215 |
|
|
|a 123 с.
|c ил.
|
| 225 |
1 |
|
|a Управление и научно-технический прогресс
|v № 3
|
| 320 |
|
|
|a Библиография в конце статей
|
| 461 |
|
1 |
|0 (RuTPU)RU\TPU\book\302078
|t Достижения и перспективы
|o сборник
|f Международный центр научной и технической информации ; гл. ред. Д. М. Гвишиани
|v Вып. 16
|d 1978-1985
|
| 606 |
1 |
|
|a Экономическая политика социалистических стран
|2 stltpush
|3 (RuTPU)RU\TPU\subj\26582
|9 50476
|
| 610 |
1 |
|
|a СЭВ
|
| 610 |
1 |
|
|a Совет экономической взаимопомощи
|
| 610 |
1 |
|
|a научные проблемы
|
| 610 |
1 |
|
|a технические проблемы
|
| 610 |
1 |
|
|a экономические проблемы
|
| 610 |
1 |
|
|a аграрно-промышленный комплекс
|
| 610 |
1 |
|
|a классификация
|
| 686 |
|
|
|a У60
|v LBC/SL-A
|2 rubbk
|
| 801 |
|
0 |
|a RU
|b RuMRKP
|c 19950704
|g psbo
|
| 801 |
|
1 |
|a RU
|b 63413507
|c 20150203
|
| 801 |
|
2 |
|a RU
|b 63413507
|c 20170602
|g RCR
|
| 942 |
|
|
|c BK
|